Sports Quiz

Random Sports or Basketball Quiz
Score 0/46 Timer 05:00
0 Plays Today
Rank School % Correct
1Baylor
96.2%
6Duke
96.2%
2Gonzaga
88.5%
3Kansas
88.5%
4San Diego State
88.5%
7Maryland
88.5%
9Penn State
88.5%
10Kentucky
88.5%
11Louisville
88.5%
12Villanova
88.5%
16Seton Hall
88.5%
25Ohio State
88.5%
8Florida State
84.6%
13Auburn
84.6%
14Oregon
84.6%
17West Virginia
84.6%
18Colorado
84.6%
24Arizona
84.6%
5Dayton
80.8%
20Iowa
80.8%
21Butler
80.8%
15Creighton
76.9%
23BYU
73.1%
Rank School % Correct
19Marquette
69.2%
22Houston
69.2%
26Texas Tech
66.7%
27Michigan State
66.7%
28Michigan
66.7%
36Utah State
66.7%
37Florida
66.7%
37Rutgers
66.7%
45Arizona State
66.7%
29LSU
33.3%
30Rhode Island
33.3%
32Cincinnati
33.3%
32Stephen F. Austin
33.3%
34Illinois
33.3%
35Northern Iowa
33.3%
39East Tennessee State
33.3%
40Saint Mary's
33.3%
41Richmond
33.3%
41Tulsa
33.3%
43New Mexico State
33.3%
45Wright State
33.3%
31Virignia
0%
43SMU
0%
Come Together.
Have Fun.
All Virtual.
We all need to come together. Play Sporcle's virtual live trivia to have fun, connect with people, and get your trivia on. Join a live hosted trivia game for your favorite pub trivia experience done virtually. If a virtual private party is more your thing, go here for details.

You're not logged in!

Compare scores with friends on all Sporcle quizzes.
OR
Log In

Sporcle TV

Today on Sporcle TV


Watch our educational content, quiz creation guides, and fun videos on Sporcle TV.

Show Comments

Extras

Top Quizzes Today


Score Distribution

Paid Content

Your Account Isn't Verified!

In order to create a playlist on Sporcle, you need to verify the email address you used during registration. Go to your Sporcle Settings to finish the process.

Report this User

Report this user for behavior that violates our Community Guidelines.

Details: